| 000 | 01006nas a2200337 4500 | ||
|---|---|---|---|
| 001 | BR0304451 | ||
| 003 | BR-BrBNA | ||
| 005 | 20231205104033.0 | ||
| 007 | ta | ||
| 008 | 230509b bl.|||p| |||| 00| 00por d | ||
| 040 |
_aBR-BrBNA _bpor _cBiblioteca Nacional de Agricultura |
||
| 041 | _a(Pt) | ||
| 072 | _aL73 | ||
| 100 | 1 | _aSantana, A.P. | |
| 100 | 1 | _aLinhares, G.F.C. | |
| 100 | 1 | _aBorges, G.T. | |
| 100 | 1 | _aMesquita, A.J. | |
| 100 | 1 | _aMiranda, A.H. | |
| 100 | 1 | _aMadruga, C.R. | |
| 100 | 1 | _aMinharro, S.B. | |
| 245 | 1 | _aDiagnóstico de Babesia bigemina por reação em cadeia da polimerase (PCR)utilizando os primers GAU6 e GAU7 para um fragmento de SSrRNA | |
| 650 | _aBOVINO | ||
| 650 | _aSANGUE | ||
| 650 | _aAMOSTRAGEM | ||
| 650 | _aBABESIOSE | ||
| 650 | _aPOLIMERIZAÇÃO | ||
| 650 | _aDIAGNÓSTICO | ||
| 773 | 0 |
_tArs Veterinária (Brazil) _xISSN 0102-6380 _g(Dec 2001), v. 17(3) p. 224-229 _wBR0304451 |
|
| 909 |
_a202311 _bLúcia _c55 _dLúcia Elande |
||
| 942 |
_2AGRIS _n0 _cANA |
||
| 999 |
_c176030 _d176030 |
||